|
|
|
|
| LEADER |
00000naa2a2200000 4500 |
| 001 |
170443 |
| 005 |
20231031163708.0 |
| 035 |
|
|
|a (RuTPU)RU\TPU\book\184844
|
| 090 |
|
|
|a 170443
|
| 100 |
|
|
|a 20091123d2009 k y0rusy50 ca
|
| 101 |
0 |
|
|a rus
|
| 102 |
|
|
|a RU
|
| 200 |
1 |
|
|a Исследование H-комплексов карбазола с его ацетильными производными
|f С. С. Рогачёва
|
| 320 |
|
|
|a Библиогр.: 5 назв.
|
| 463 |
|
0 |
|0 (RuTPU)RU\TPU\book\176298
|t Инновационные технологии и экономика в машиностроении
|o труды VII Всероссийской научно-практической конференции с международным участием, 21-22 мая 2009 г., г. Юрга
|f Томский политехнический университет (ТПУ), Юргинский технологический институт (ЮТИ) ; под ред. Д. А. Чинахова
|v С. 289-290
|d 2009
|p 695 с.
|
| 610 |
1 |
|
|a карбазол
|
| 610 |
1 |
|
|a ацетильные производные
|
| 610 |
1 |
|
|a спектрофотометрия
|
| 610 |
1 |
|
|a H-комплексы
|
| 610 |
1 |
|
|a люминисценция
|
| 610 |
1 |
|
|a труды учёных ТПУ
|
| 700 |
|
1 |
|a Рогачёва
|b С. С.
|c доцент, кандидат химических наук
|c Юргинский технологический институт (филиал) Томского политехнического университета
|2 stltpush
|3 (RuTPU)RU\TPU\pers\25112
|
| 801 |
|
1 |
|a RU
|b 63413507
|c 20091123
|
| 801 |
|
2 |
|a RU
|b 63413507
|c 20091123
|g RCR
|
| 942 |
|
|
|c BK
|